La degradación y la protección del paisaje

Bewaard in:
Bibliografische gegevens
Hoofdauteur: Cáncer Pomar, Luis (Auteur)
Formaat: Boek
Taal:Spaans
Gepubliceerd in: Madrid Cátedra 1999
Reeks:Geografía Menor
Onderwerpen:
Tags: Voeg label toe
Geen labels, Wees de eerste die dit record labelt!

MARC

LEADER 00000nam a2200000 a 4500
001 UCN0116
003 CL-VaPUC
008 010316e19990000SP |||||||||||||||||spa|d
082 0 4 |a 363.739  |b CAN  |2 21 
100 0 |a Cáncer Pomar, Luis  |e author  |9 455381 
245 1 3 |a La degradación y la protección del paisaje 
300 |a 247 p 
942 |c BK 
945 |d 20010316 00:00:00  |a cmena 
260 |a Madrid  |b Cátedra  |c 1999 
650 0 |a Protección del medio ambiente  |9 257626 
650 0 |a Contaminación ambiental  |9 314181 
650 7 |a PROTECCION DE RECURSOS NATURALES  |2 CL-VaPUC  |9 455382 
583 |a last modification  |c 20010316 00:00:00  |k Rodrigo Vera 
490 0 |a Geografía Menor 
999 |c 294057  |d 294055 
952 |0 0  |1 0  |4 0  |6 363_739000000000000_CAN_1999  |7 0  |8 A  |9 345902  |a BIBING  |b BIBING  |d 2019-11-20  |i 3613801  |o 363.739 CAN 1999  |p 3613801  |r 2025-01-20  |w 2019-11-20  |y BK  |k GEO